[Event "Catalunya-chT Gp2"]
[Site "Barcelona"]
[Date "2024.01.27"]
[Round "2.2"]
[White "Aloma Vidal, Roberto"]
[Black "Chigaev, Maksim"]
[Result "1/2-1/2"]
[WhiteElo "2446"]
[BlackElo "2622"]
[PlyCount "134"]
[EventDate "2024.01.20"]
[EventType "team-tourn"]
[EventRounds "7"]
[EventCountry "ESP"]
[SourceTitle "CB06_2024"]
[SourceDate "2024.02.07"]
[SourceVersion "1"]
[SourceVersionDate "2024.02.07"]
[SourceQuality "1"]
[WhiteTeam "Barcelona Escacs CC"]
[BlackTeam "Platja D'Aro"]
[WhiteTeamCountry "ESP"]
[BlackTeamCountry "ESP"]

1. Nf3 Nf6 2. g3 d5 3. Bg2 e6 4. 0-0 b5 5. d3 Bb7 6. e4 Be7 7. exd5 exd5 8. Nd4 Qd7 9. Qf3 0-0 10. Nf5 Bd8 11. Nd2 Nc6 12. Nb3 Ne5 13. Qf4 Ng6 14. Qf3 Bc8 15. Bh3 Qc6 16. Be3 a5 17. Nfd4 Qe8 18. Bxc8 Rxc8 19. Rfe1 Qd7 20. Nc5 Qh3 21. Qg2 Qxg2+ 22. Kxg2 c6 23. Nf5 a4 24. Bd4 h5 25. b3 Ra8 26. bxa4 bxa4 27. Rab1 Re8 28. Rxe8+ Nxe8 29. Rb7 Bf6 30. Rb6 Nd6 31. Bxf6 Nxf5 32. Bc3 d4 33. Bd2 Re8 34. Rxc6 a3 35. Ne4 Rb8 36. Bc1 f6 37. Bxa3 Ra8 38. Bb2 Rxa2 39. Rc8+ Kh7 40. Rb8 Ra7 41. h3 Rc7 42. c4 dxc3 43. Bxc3 Nge7 44. Rb5 Kg6 45. g4 hxg4 46. hxg4 Nd6 47. Rb3 Nxe4 48. dxe4 Rc4 49. f3 Nc6 50. Ra3 Nd4 51. Bxd4 Rxd4 52. Ra7 Rb4 53. Kg3 Rb3 54. Kf4 Rc3 55. Ra1 Rb3 56. Rg1 Rb5 57. Rd1 Rb3 58. Rd6 Rb4 59. g5 Rb5 60. Rd5 fxg5+ 61. Kg4 Rxd5 62. exd5 Kf6 63. d6 Ke6 64. Kxg5 Kxd6 65. Kg6 Ke5 66. Kxg7 Kf4 67. Kf6 Kxf3 1/2-1/2

[Event "Barcelona Tancat"]
[Site "Barcelona"]
[Date "2024.01.02"]
[Round "1"]
[White "Alcala Gonzalez, Cesar"]
[Black "Aloma Vidal, Roberto"]
[Result "1/2-1/2"]
[WhiteElo "2247"]
[BlackElo "2446"]
[PlyCount "53"]
[EventDate "2024.01.02"]
[EventType "tourn"]
[EventRounds "9"]
[EventCountry "ESP"]
[EventCategory "1"]
[SourceTitle "CB02_2024"]
[SourceDate "2024.01.10"]
[SourceVersion "1"]
[SourceVersionDate "2024.01.10"]
[SourceQuality "1"]

1. d4 Nf6 2. c4 e6 3. Nc3 Bb4 4. Qc2 c5 5. dxc5 0-0 6. a3 Bxc5 7. Nf3 d5 8. cxd5 exd5 9. Bg5 Be6 10. Rd1 Nbd7 11. e3 h6 12. Bxf6 Nxf6 13. Be2 Rc8 14. 0-0 Qe7 15. Rc1 Rfd8 16. Rfd1 Bb6 17. Qb1 Bg4 18. h3 Bxf3 19. Bxf3 d4 20. exd4 Rxd4 21. Rxd4 Bxd4 22. Ne2 Rxc1+ 23. Qxc1 Be5 24. Qc8+ Kh7 25. Qxb7 Qxb7 26. Bxb7 Bxb2 27. a4 1/2-1/2

[Event "ESP-chT CECLUB Div1"]
[Site "Linares"]
[Date "2023.08.26"]
[Round "7.15"]
[White "Aloma Vidal, Roberto"]
[Black "Libiszewski, Fabien"]
[Result "1/2-1/2"]
[WhiteElo "2443"]
[BlackElo "2502"]
[PlyCount "99"]
[EventDate "2023.08.20"]
[EventType "team-tourn"]
[EventRounds "7"]
[EventCountry "ESP"]
[SourceTitle "CBM 215 Extra"]
[Source "ChessBase"]
[SourceDate "2023.09.30"]
[SourceVersion "1"]
[SourceVersionDate "2023.09.30"]
[SourceQuality "1"]
[WhiteTeam "Barcelona CE"]
[BlackTeam "Benalmadena Medio Ambiente"]
[WhiteTeamCountry "ESP"]
[BlackTeamCountry "ESP"]

1. Nf3 Nf6 2. c4 g6 3. b3 Bg7 4. Bb2 c5 5. g3 d6 6. Bg2 e5 7. d3 0-0 8. 0-0 Nc6 9. Nc3 Rb8 10. e3 a6 11. d4 Bg4 12. d5 Na5 13. Qc2 b5 14. Nd2 bxc4 15. bxc4 Bf5 16. e4 Bd7 17. Nd1 Ng4 18. h3 Nh6 19. Bc3 f5 20. Rb1 Qc7 21. Rxb8 Rxb8 22. f4 Nf7 23. fxe5 Bxe5 24. exf5 Bxf5 25. Rxf5 gxf5 26. Qxf5 Bxc3 27. Nxc3 Ne5 28. Qe6+ Kh8 29. Qf6+ Kg8 30. Qe6+ Kg7 31. Nce4 Naxc4 32. Nxc4 Nxc4 33. Ng5 h6 34. Nf3 Ne5 35. Nxe5 dxe5 36. d6 Qf7 37. Qxe5+ Qf6 38. Qxc5 Rd8 39. Qa7+ Kf8 40. Qxa6 Qxd6 41. Qf1+ Kg7 42. Kh2 Qe5 43. a4 Rd2 44. Qf3 Ra2 45. Qb7+ Kh8 46. Qc8+ Kg7 47. Qd7+ Kh8 48. Qc8+ Kg7 49. Qd7+ Kh8 50. Qc8+ 1/2-1/2

[Event "ESP-ch Rapid"]
[Site "Linares"]
[Date "2023.08.19"]
[Round "7"]
[White "Fernandez Gil, Marco Antonio"]
[Black "Aloma Vidal, Roberto"]
[Result "0-1"]
[WhiteElo "2180"]
[BlackElo "2443"]
[PlyCount "108"]
[EventDate "2023.08.19"]
[EventType "swiss (rapid)"]
[EventRounds "10"]
[EventCountry "ESP"]
[SourceTitle "CBM 215 Extra"]
[Source "ChessBase"]
[SourceDate "2023.09.30"]
[SourceVersion "1"]
[SourceVersionDate "2023.09.30"]
[SourceQuality "1"]

1. Nf3 g6 2. g3 Bg7 3. Bg2 e5 4. e4 Ne7 5. 0-0 0-0 6. d4 d6 7. Nc3 Bg4 8. dxe5 dxe5 9. Bg5 f6 10. Be3 Nbc6 11. Qe2 Qc8 12. Qc4+ Be6 13. Nd5 Kh8 14. Qc5 Re8 15. Nxe7 Nxe7 16. Rfd1 a5 17. a4 b6 18. Qc3 Qb7 19. Nd2 Rad8 20. Bf1 f5 21. exf5 gxf5 22. Bg5 Nd5 23. Qb3 Rd7 24. Bc4 h6 25. Bh4 Bf7 26. Nf1 c6 27. Ne3 Be6 28. Nxd5 cxd5 29. Bb5 d4 30. Qd3 Rc8 31. Ba6 Qc7 32. Bxc8 Qxc8 33. Qb5 Qc7 34. Qa6 Bd5 35. c3 Bb7 36. Qb5 Bf3 37. cxd4 Bxd1 38. Rxd1 Qd6 39. d5 Kh7 40. Qe2 e4 41. b3 Qg6 42. Qd2 Be5 43. Qe2 f4 44. Qb5 Qg4 45. Re1 e3 46. Qd3+ Kg7 47. fxe3 fxg3 48. hxg3 Bxg3 49. Bxg3 Qxg3+ 50. Kf1 Qf3+ 51. Kg1 Rxd5 52. Qc3+ Kg6 53. Qc6+ Kh5 54. Qe8+ Kh4 0-1

[Event "Pobla de Lillet op 32nd"]
[Site "La Pobla de Lillet"]
[Date "2023.08.07"]
[Round "6"]
[White "Aloma Vidal, Roberto"]
[Black "Solodovnichenko, Yuri"]
[Result "1/2-1/2"]
[WhiteElo "2443"]
[BlackElo "2510"]
[PlyCount "59"]
[EventDate "2023.08.02"]
[EventType "swiss"]
[EventRounds "9"]
[EventCountry "ESP"]
[SourceTitle "CBM 215 Extra"]
[Source "ChessBase"]
[SourceDate "2023.09.30"]
[SourceVersion "1"]
[SourceVersionDate "2023.09.30"]
[SourceQuality "1"]

1. c4 e5 2. Nc3 Nf6 3. Nf3 e4 4. Ng5 c6 5. Qa4 b5 6. cxb5 d5 7. bxc6 Qb6 8. c7+ Nc6 9. e3 Qxc7 10. Qxc6+ Qxc6 11. Bb5 Qxb5 12. Nxb5 Rb8 13. Nc3 Ba6 14. b3 Be7 15. f3 0-0 16. fxe4 Nxe4 17. Ngxe4 dxe4 18. Nxe4 f5 19. Nc3 f4 20. exf4 Rxf4 21. Bb2 Bd3 22. g3 Rd4 23. 0-0-0 a5 24. Rhe1 Bd6 25. Re6 Rc8 26. Rde1 Bg6 27. Rd1 Bh5 28. Rde1 Bg6 29. Rd1 Bh5 30. Rde1 1/2-1/2

[Event "Torredembarra op 23rd"]
[Site "Torredembarra"]
[Date "2023.07.08"]
[Round "8"]
[White "Mateos Rozas, Miguel Angel"]
[Black "Aloma Vidal, Roberto"]
[Result "0-1"]
[WhiteElo "2203"]
[BlackElo "2446"]
[PlyCount "107"]
[EventDate "2023.07.01"]
[EventType "swiss"]
[EventRounds "9"]
[EventCountry "ESP"]
[SourceTitle "CBM 215 Extra"]
[Source "ChessBase"]
[SourceDate "2023.09.30"]
[SourceVersion "1"]
[SourceVersionDate "2023.09.30"]
[SourceQuality "1"]

1. e4 e5 2. Nf3 Nc6 3. Bb5 a6 4. Ba4 Bc5 5. c3 Nge7 6. d4 exd4 7. cxd4 Bb4+ 8. Nc3 d5 9. exd5 Nxd5 10. 0-0 0-0 11. Nxd5 Qxd5 12. Bb3 Qh5 13. Ne5 Qxd1 14. Rxd1 Nd8 15. a3 Be7 16. Be3 b5 17. Bd5 Bb7 18. Bxb7 Nxb7 19. Rac1 Bd6 20. Nc6 f5 21. g3 Rae8 22. Nb4 Na5 23. Rc3 Nc4 24. b3 Nxa3 25. Nxa6 b4 26. Rc6 Nb5 27. Rd3 h5 28. Bd2 Re4 29. Bxb4 f4 30. Bxd6 cxd6 31. Kg2 fxg3 32. f3 Rxd4 33. Rxd4 Nxd4 34. Rxd6 Nf5 35. Rd3 h4 36. hxg3 hxg3 37. Nc5 Ra8 38. Ne4 Ra2+ 39. Nd2 Kf7 40. f4 Kg6 41. Kf3 Ra1 42. Kg2 Kh5 43. Rxg3 Nxg3 44. Kxg3 Rg1+ 45. Kf3 Rd1 46. Ke2 Rh1 47. Kf3 Rh2 48. Ke3 Kg4 49. b4 Rh8 50. Nc4 Re8+ 51. Ne5+ Kf5 52. Kf3 Rh8 53. Kg3 g5 54. Nf7 0-1

[Event "Titled Tuesday intern op 27th Jun Early"]
[Site "Chess.com INT"]
[Date "2023.06.27"]
[Round "2"]
[White "Aloma Vidal, Roberto"]
[Black "Bazeev, German"]
[Result "0-1"]
[WhiteElo "2437"]
[BlackElo "2369"]
[PlyCount "110"]
[EventDate "2023.06.27"]
[EventType "swiss (blitz)"]
[EventRounds "11"]
[EventCountry "USA"]
[SourceTitle "EXT 2024"]
[Source "ChessBase"]
[SourceDate "2023.10.10"]
[SourceVersion "1"]
[SourceVersionDate "2023.10.10"]
[SourceQuality "1"]

1. e4 c5 2. c3 Nf6 3. e5 Nd5 4. Nf3 Nc6 5. Bc4 e6 6. d4 cxd4 7. cxd4 d6 8. 0-0 Be7 9. a3 0-0 10. Bd3 Bd7 11. Qc2 g6 12. Bh6 Re8 13. Nbd2 Rc8 14. Qd1 dxe5 15. dxe5 Qc7 16. Qe2 Red8 17. Rac1 Be8 18. h4 Qb6 19. Nc4 Qb3 20. Bc2 Qb5 21. Bb1 Nb6 22. Bd3 Qb3 23. Nd6 Rb8 24. Rc3 Qa4 25. b4 Nd5 26. Rcc1 Qxa3 27. b5 Ncb4 28. Be4 Qa2 29. Qe1 a5 30. Ra1 Qb2 31. Rxa5 Nc3 32. Nxb7 Rd1 33. Qxd1 Nxd1 34. Rxd1 Qb3 35. Re1 Nd5 36. Nd6 Rd8 37. Bd2 Qb2 38. Rb1 Qxb1+ 39. Bxb1 Bxd6 40. exd6 Rxd6 41. Bh6 f6 42. Ra8 Kf7 43. b6 Bc6 44. Be4 Bxa8 45. Nd4 Rxb6 46. f3 Bb7 47. Kh2 e5 48. Ne2 f5 49. Bd3 Nf6 50. Bc4+ Bd5 51. Bd3 Rb3 52. Ba6 e4 53. fxe4 Ng4+ 54. Kh1 Bxe4 55. Nf4 Rb1+ 0-1

[Event "Titled Tuesday intern op 20th Jun Early"]
[Site "Chess.com INT"]
[Date "2023.06.20"]
[Round "10"]
[White "Arabidze, Meri"]
[Black "Aloma Vidal, Roberto"]
[Result "0-1"]
[WhiteElo "2446"]
[BlackElo "2437"]
[PlyCount "88"]
[EventDate "2023.06.20"]
[EventType "swiss (blitz)"]
[EventRounds "11"]
[EventCountry "USA"]
[SourceTitle "EXT 2024"]
[Source "ChessBase"]
[SourceDate "2023.10.10"]
[SourceVersion "1"]
[SourceVersionDate "2023.10.10"]
[SourceQuality "1"]

1. d4 d5 2. Bf4 c5 3. e3 cxd4 4. exd4 Nc6 5. c3 f6 6. Nf3 g5 7. Bg3 h5 8. h4 g4 9. Ng1 Nh6 10. Bd3 Bf5 11. Ne2 e5 12. 0-0 Bg7 13. f3 gxf3 14. Bxf5 Nxf5 15. Rxf3 Qd7 16. Qf1 Nh6 17. Rxf6 0-0-0 18. Bxe5 Nxe5 19. dxe5 Bxf6 20. exf6 Ng4 21. Nd2 Rdf8 22. Nf3 Rxf6 23. Ned4 Rhf8 24. Re1 a6 25. Qe2 Kb8 26. Qe7 Qxe7 27. Rxe7 R6f7 28. Re6 Rf6 29. Re7 R8f7 30. Re8+ Ka7 31. a4 a5 32. Nb5+ Kb6 33. Rd8 Ne3 34. Ne5 Rf1+ 35. Kh2 Rg7 36. Rd6+ Kc5 37. Nd3+ Kc4 38. Ne5+ Kb3 39. Nd4+ Kxb2 40. Rb6+ Ka2 41. Ng6 Rf2 42. Kh3 Rxg2 43. c4 dxc4 44. Nf5 Nxf5 0-1

[Event "Titled Tuesday intern op 20th Jun Early"]
[Site "Chess.com INT"]
[Date "2023.06.20"]
[Round "6"]
[White "Zemlyanskii, Ivan"]
[Black "Aloma Vidal, Roberto"]
[Result "1-0"]
[WhiteElo "2312"]
[BlackElo "2437"]
[PlyCount "237"]
[EventDate "2023.06.20"]
[EventType "swiss (blitz)"]
[EventRounds "11"]
[EventCountry "USA"]
[SourceTitle "EXT 2024"]
[Source "ChessBase"]
[SourceDate "2023.10.10"]
[SourceVersion "1"]
[SourceVersionDate "2023.10.10"]
[SourceQuality "1"]

1. d4 d5 2. Bf4 c5 3. e4 dxe4 4. d5 Nf6 5. Nc3 g6 6. Qd2 Bg7 7. 0-0-0 a6 8. f3 b5 9. Nxe4 Nbd7 10. d6 Nxe4 11. fxe4 e5 12. Bh6 0-0 13. Nf3 Bxh6 14. Qxh6 Qf6 15. a4 c4 16. Be2 Bb7 17. Rhf1 Qf4+ 18. Qxf4 exf4 19. Nd4 Bxe4 20. Rxf4 Bxg2 21. axb5 axb5 22. Nxb5 Rfb8 23. Bxc4 Ne5 24. Be2 Bc6 25. c4 Bxb5 26. cxb5 Kg7 27. Rd5 Nd7 28. Kc2 Re8 29. Rd2 Re5 30. Rc4 Nc5 31. Bf3 Rd8 32. Bc6 Kf6 33. Kc3 Ke6 34. Rcd4 f5 35. Kb4 Ne4 36. Bxe4 fxe4 37. Rd1 e3 38. b6 e2 39. Re1 Rxd6 40. Rxd6+ Kxd6 41. Kc3 Kc6 42. Kd3 Kxb6 43. Rxe2 Rh5 44. Kc4 Rh4+ 45. Kc3 Kb5 46. Re5+ Kc6 47. Re2 Kd5 48. b3 h6 49. Rg2 g5 50. Rd2+ Kc5 51. Rf2 Rh3+ 52. Kc2 Kb4 53. Kd2 Kxb3 54. Ke2 Kc4 55. Kf1 Kd5 56. Kg2 Rh4 57. Ra2 Ke5 58. Ra5+ Kf6 59. Ra6+ Kf5 60. Ra5+ Kg6 61. Kg3 Kh5 62. Ra3 Rg4+ 63. Kh3 Rg1 64. Rg3 Rf1 65. Ra3 Rf2 66. Kg3 Rd2 67. Rc3 Rd4 68. Rb3 Rg4+ 69. Kh3 Rg1 70. Rg3 Rd1 71. Rb3 Rd4 72. Kg3 Rg4+ 73. Kh3 Rf4 74. Kg2 Kg6 75. Kg3 h5 76. Rb6+ Rf6 77. Rb3 h4+ 78. Kg2 Kh5 79. h3 Rd6 80. Rb2 Rd3 81. Ra2 Rg3+ 82. Kh2 Re3 83. Rb2 Kg6 84. Rb6+ Kf5 85. Rb2 Kf4 86. Kg2 Rg3+ 87. Kh2 Re3 88. Kg2 Rg3+ 89. Kh2 Rd3 90. Kg2 Ke3 91. Ra2 Rd4 92. Ra3+ Kf4 93. Rf3+ Ke4 94. Rf2 Rd3 95. Ra2 Rg3+ 96. Kh2 Re3 97. Kg2 Kd3 98. Ra3+ Kd2 99. Ra2+ Ke1 100. Ra1+ Ke2 101. Ra2+ Kd3 102. Ra3+ Ke4 103. Ra4+ Kf5 104. Ra5+ Kf4 105. Ra4+ Re4 106. Ra2 Rd4 107. Rb2 Ke3 108. Ra2 Ke4 109. Re2+ Kf4 110. Ra2 Rd3 111. Rf2+ Ke3 112. Ra2 Ke4 113. Ra4+ Kf5 114. Ra5+ Kg6 115. Ra6+ Kh5 116. Ra2 Rd2+ 117. Rxd2 g4 118. Rd5+ Kg6 119. hxg4 1-0

[Event "Titled Tuesday intern op 13th Jun Early"]
[Site "Chess.com INT"]
[Date "2023.06.13"]
[Round "4"]
[White "Aloma Vidal, Roberto"]
[Black "Bashirli, Saadat"]
[Result "1-0"]
[WhiteElo "2437"]
[BlackElo "1647"]
[PlyCount "77"]
[EventDate "2023.06.13"]
[EventType "swiss (blitz)"]
[EventRounds "11"]
[EventCountry "USA"]
[SourceTitle "EXT 2024"]
[Source "ChessBase"]
[SourceDate "2023.10.10"]
[SourceVersion "1"]
[SourceVersionDate "2023.10.10"]
[SourceQuality "1"]

1. e4 c5 2. c3 Nf6 3. e5 Nd5 4. Nf3 g6 5. Bc4 Nb6 6. Bb3 c4 7. Bc2 Bg7 8. a4 a5 9. 0-0 Nc6 10. Re1 0-0 11. d4 cxd3 12. Qxd3 d6 13. exd6 exd6 14. Bg5 Qc7 15. Na3 Bf5 16. Qd2 Bxc2 17. Qxc2 Rac8 18. Nb5 Qb8 19. Rad1 d5 20. Bh4 Rfe8 21. Bg3 Ne5 22. Nfd4 Rcd8 23. Re2 Qc8 24. Rde1 Nc6 25. Nb3 Rxe2 26. Qxe2 Nxa4 27. Ra1 Nb6 28. Nxa5 Re8 29. Qf1 Nxa5 30. Nd6 Qd7 31. Nxe8 Nb3 32. Re1 Bh8 33. Qd3 Nc5 34. Qf3 Ne4 35. Nc7 Ng5 36. Qd3 Bf6 37. Qb5 Qf5 38. Ne8 Nd7 39. Qxd7 1-0

[Event "Titled Tuesday intern op 13th Jun Early"]
[Site "Chess.com INT"]
[Date "2023.06.13"]
[Round "8"]
[White "Aloma Vidal, Roberto"]
[Black "Quintiliano Pinto, Renato Rodrigues"]
[Result "0-1"]
[WhiteElo "2437"]
[BlackElo "2509"]
[PlyCount "94"]
[EventDate "2023.06.13"]
[EventType "swiss (blitz)"]
[EventRounds "11"]
[EventCountry "USA"]
[SourceTitle "EXT 2024"]
[Source "ChessBase"]
[SourceDate "2023.10.10"]
[SourceVersion "1"]
[SourceVersionDate "2023.10.10"]
[SourceQuality "1"]

1. e4 c5 2. c3 Nf6 3. e5 Nd5 4. Nf3 e6 5. Bc4 d6 6. d4 cxd4 7. cxd4 Nc6 8. 0-0 Be7 9. a3 0-0 10. Bd3 Qc7 11. Qc2 g6 12. Re1 Rd8 13. Nbd2 dxe5 14. dxe5 Nf4 15. Bf1 Nd5 16. Qe4 b6 17. h4 Bb7 18. h5 Rac8 19. Qg4 Bf8 20. hxg6 hxg6 21. Qh4 Be7 22. Qh2 Kg7 23. Ne4 Rh8 24. Qg3 Rh5 25. Bb5 Rch8 26. Kf1 a6 27. Ba4 Na5 28. Nfd2 Nc4 29. Bb3 Nxe5 30. Ke2 a5 31. Nf3 Ba6+ 32. Kd1 Nd3 33. Bd2 Qxg3 34. Nxg3 Nxe1 35. Nxh5+ Rxh5 36. Bxe1 Rh1 37. Kd2 Bf6 38. Kc2 Nf4 39. g3 Nh3 40. Rd1 Be2 41. Rc1 Bxf3 42. Bc4 Be4+ 43. Kb3 Nxf2 44. Bd2 Rxc1 45. Bxc1 Nd3 46. Bb5 Nxc1+ 47. Kc4 Bd3# 0-1